Sedimentary processes, environments and basins (Record no. 1215831)
[ view plain ]
| 000 -LEADER | |
|---|---|
| fixed length control field | 01259nam a2200337Ia 4500 |
| 003 - CONTROL NUMBER IDENTIFIER | |
| control field | OSt |
| 005 - DATE AND TIME OF LATEST TRANSACTION | |
| control field | 20221007125806.0 |
| 008 - FIXED-LENGTH DATA ELEMENTS--GENERAL INFORMATION | |
| fixed length control field | 221006b |||||||| |||| 00| 0 eng d |
| 020 ## - INTERNATIONAL STANDARD BOOK NUMBER | |
| International Standard Book Number | 9781405179225 (pbk) |
| 037 ## - SOURCE OF ACQUISITION | |
| Terms of availability | Textual |
| 040 ## - CATALOGING SOURCE | |
| Original cataloging agency | DGL |
| Transcribing agency | DGL |
| Language of cataloging | eng |
| 041 ## - LANGUAGE CODE | |
| Source of code | eng |
| Language code of text/sound track or separate title | eng |
| 100 ## - MAIN ENTRY--PERSONAL NAME | |
| Personal name | Nichols Gary |
| 9 (RLIN) | 722475 |
| 245 #0 - TITLE STATEMENT | |
| Title | Sedimentary processes, environments and basins |
| Remainder of title | a tribute to peter Friend Paola Chris |
| 260 ## - PUBLICATION, DISTRIBUTION, ETC. | |
| Place of publication, distribution, etc. | Australia |
| Name of publisher, distributor, etc. | Blackwell Publishing |
| Date of publication, distribution, etc. | 2007 |
| 300 ## - PHYSICAL DESCRIPTION | |
| Extent | vi, 636p. |
| Dimensions | cm. |
| 490 ## - SERIES STATEMENT | |
| Series statement | Special publication of the international association of sedimentologists; 38 |
| 500 ## - GENERAL NOTE | |
| General note | Includes bibliographical references.; Index 613-636p. |
| 650 ## - SUBJECT ADDED ENTRY--TOPICAL TERM | |
| Topical term or geographic name entry element | Earth science-geology |
| 9 (RLIN) | 722476 |
| 650 ## - SUBJECT ADDED ENTRY--TOPICAL TERM | |
| Topical term or geographic name entry element | Environmental geology |
| 9 (RLIN) | 722477 |
| 650 ## - SUBJECT ADDED ENTRY--TOPICAL TERM | |
| Topical term or geographic name entry element | Sedimentary basins |
| 9 (RLIN) | 722478 |
| 650 ## - SUBJECT ADDED ENTRY--TOPICAL TERM | |
| Topical term or geographic name entry element | Sedimentation and deposition |
| 9 (RLIN) | 722479 |
| 650 ## - SUBJECT ADDED ENTRY--TOPICAL TERM | |
| Topical term or geographic name entry element | Geology |
| 700 ## - ADDED ENTRY--PERSONAL NAME | |
| Personal name | Paola Chris |
| 9 (RLIN) | 722480 |
| 700 ## - ADDED ENTRY--PERSONAL NAME | |
| Personal name | Williams Ed |
| 9 (RLIN) | 722481 |
| 942 ## - ADDED ENTRY ELEMENTS (KOHA) | |
| Classification part | H4202, P7 Carg |
| Koha item type | Textual |
| Source of classification or shelving scheme | Colon Classification (CC) |
| Withdrawn status | Lost status | Source of classification or shelving scheme | Damaged status | Not for loan | Home library | Current library | Date acquired | Source of acquisition | Total Checkouts | Full call number | Barcode | Date last seen | Price effective from | Koha item type |
|---|---|---|---|---|---|---|---|---|---|---|---|---|---|---|
| Colon Classification (CC) | Department of Geology Library | Department of Geology Library | 2022-10-07 | 360, 28/02/2008, Ashutosh Technical Books | H4202 P7 Carg | SL0G00029 | 2022-10-07 | 2022-10-07 | Textual |
